| 000 | 01469nam a2200373 a 4500 | ||
|---|---|---|---|
| 001 | ebr10379861 | ||
| 003 | CaPaEBR | ||
| 006 | m u | ||
| 007 | cr cn||||||||| | ||
| 008 | 050607s2005 caub sb 001 0 eng | ||
| 010 | _z 2005928677 | ||
| 020 | _z9781598740127 | ||
| 020 | _z1598740121 (hardcover : alk. paper) | ||
| 020 | _z159874013X (pbk. : alk. paper) | ||
| 040 |
_aCaPaEBR _cCaPaEBR |
||
| 035 | _a(OCoLC)647914834 | ||
| 043 |
_aa-is--- _ama----- |
||
| 050 | 1 | 4 |
_aDS119.7 _b.S4622 2005eb |
| 082 | 0 | 4 |
_a956.94 _222 |
| 245 | 0 | 0 |
_aShared histories _h[electronic resource] : _ba Palestinian-Israeli dialogue / _ceditors, Paul Scham, Walid Salem, Benjamin Pogrund. |
| 260 |
_aWalnut Creek, Calif. : _bLeft Coast Press, _cc2005. |
||
| 300 |
_ax, 298 p. : _bmaps. |
||
| 504 | _aIncludes bibliographical references (p. 283-285) and index. | ||
| 533 |
_aElectronic reproduction. _bPalo Alto, Calif. : _cebrary, _d2013. _nAvailable via World Wide Web. _nAccess may be limited to ebrary affiliated libraries. |
||
| 650 | 0 |
_aArab-Israeli conflict _xHistoriography. |
|
| 650 | 0 |
_aPalestinian Arabs _xHistoriography. |
|
| 651 | 0 |
_aIsrael _xHistoriography. |
|
| 655 | 7 |
_aElectronic books. _2local |
|
| 700 | 1 | _aScham, Paul. | |
| 700 | 1 | _aSalem, Walid. | |
| 700 | 1 | _aPogrund, Benjamin. | |
| 710 | 2 | _aebrary, Inc. | |
| 856 | 4 | 0 |
_uhttp://site.ebrary.com/lib/rucke/Doc?id=10379861 _zAn electronic book accessible through the World Wide Web; click to view |
| 999 |
_c101584 _d101584 |
||